000 00479nam a2200181Ia 4500
005 20250508151839.0
008 008 250505s9999 xx 000 0 eng d
037 _aTextual
040 _aFEDL
_beng
_cFEDL
041 _aeng
_2eng
084 _a745, ARN
_qFEDL
100 _aArnold James
_9760147
245 0 _aCountryman's workshop
260 _aLondon, UK
_bPhoemix House Ltd
_c1953
300 _a164p.
942 _cTEXL
_h745, ARN
999 _c1332491
_d1332491